02363cam a22003494i 4500003000900000005001700009008004100026035001900067040003300086082002400119245016300143264003100306300004500337336002100382337002500403338002300428490003200451500006000483505108400543526000901627526000901636526000801645526000801653526000801661541001601669650005801685650007301743650007301816650005801889700003501947710003101982PE-LiUPU20250731183437.0150706s r 000 0 d a(Sirsi) a52012 aPE-LiUPUbspacPE-LiUPUerda04a720.986105bE7822101aEquipamientos. Ordenar la ciudad /ceditor Casa Editorial Escala S.A. ; director David Serna Cárdenas ; colaboración de Ángela María Franco. [et al.]. 1aBogotá :bEscala,c2010. a125 páginas :bilustraciones ;c35 cm. atext2rdacontent aunmediated2rdamedia avolume2rdacarrier0 aPaquetes temáticos ;v219 aISSN: 0120-6702Incluye reseñas de: Libros, concursos.0 aHomenaje a Fernando Castillo Velasco -- Re-construcción, motivo de la Bienal chilena de 2010 -- 2010 año de dos bienales -- Ciudad y equipamientos. Relaciones para el desarrollo social -- Equipamientos. Ordenar la ciudad -- Nueva terminal aeropuerto internacional Carrasco. Montevideo - Uruguay -- Línea H de subterráneos. Buenos aires - Argentina -- Expresso tiradentes. São Paulo, SP - Brasil -- Estación de bomberos Ave Fenix. Distrito Federal - México -- Escenarios deportivos. Medellín - Colombia -- Centro cultural biblioteca pública Julio Mario Santo Domingo. Bogotá - Colombia -- Colegio Distrital Porfirio Barba Jacob. Bogotá - Colombia -- Estación de Policía Belén. Medellín - Colombia -- Cai Periférico. Medellín - Colombia -- Intercambiador vial neomundo. Bucaramanga - Colombia -- Reconfiguración Urbana "Mesón de los Búcaros". Bucaramanga - Colombia. Intercambiador Av. Quebrada Seca con Cra. 15. Bucaramanga - Colombia -- Puertas abiertas -- Expo Shanghái 2010 -- Barclay & Crousse -- Centro de interpretación ingapirca. aP158 aP146 aP17 aP12 aP06 g004-000770;04aArquitectura latinoamericanavPublicaciones seriadas.04aArquitectura latinoamericanavFotografíasvPublicaciones seriadas.04aDiseño arquitectónicozAmérica LatinavPublicaciones seriadas.04aArquitectos latinoamericanosvPublicaciones seriadas.1 aSerna Cárdenas, David,edir.2 aCasa Editorial Escala S.A.